<?xml version="1.0" encoding="UTF-8"?>
<record
    xmlns:xsi="http://www.w3.org/2001/XMLSchema-instance"
    xsi:schemaLocation="http://www.loc.gov/MARC21/slim http://www.loc.gov/standards/marcxml/schema/MARC21slim.xsd"
    xmlns="http://www.loc.gov/MARC21/slim">

  <leader>00948    a2200217   4500</leader>
  <controlfield tag="008">250120b        |||||||| |||| 00| 0 eng d</controlfield>
  <datafield tag="020" ind1=" " ind2=" ">
    <subfield code="a">978-9937-2-4482-4</subfield>
  </datafield>
  <datafield tag="082" ind1=" " ind2=" ">
    <subfield code="a">363.346/k534b</subfield>
  </datafield>
  <datafield tag="100" ind1=" " ind2=" ">
    <subfield code="a">&#x915;&#x93E;&#x92B;&#x94D;&#x932;&#x947;, &#x936;&#x947;&#x937;&#x915;&#x93E;&#x928;&#x94D;&#x924;/Kafle, Sheshkanta</subfield>
  </datafield>
  <datafield tag="241" ind1=" " ind2=" ">
    <subfield code="a">Bipad purbatayarika bidhiharu prakitik prakopko byaktigat surakshyako lagi sahayogi pustak</subfield>
  </datafield>
  <datafield tag="245" ind1=" " ind2=" ">
    <subfield code="a">&#x935;&#x93F;&#x92A;&#x926;&#x94D; &#x92A;&#x943;&#x930;&#x94D;&#x935;&#x924;&#x92F;&#x93E;&#x930;&#x940;&#x915;&#x93E; &#x935;&#x93F;&#x927;&#x93F;&#x939;&#x930;&#x941;&#x903;</subfield>
    <subfield code="b">&#x92A;&#x94D;&#x930;&#x93E;&#x915;&#x943;&#x924;&#x93F;&#x915; &#x92A;&#x94D;&#x930;&#x915;&#x94B;&#x92A;&#x915;&#x94B; &#x938;&#x92E;&#x92F;&#x92E;&#x93E; &#x935;&#x94D;&#x92F;&#x915;&#x94D;&#x924;&#x93F;&#x917;&#x924; &#x938;&#x941;&#x930;&#x915;&#x94D;&#x937;&#x93E;&#x915;&#x94B;&#x932;&#x93E;&#x917;&#x93F; &#x938;&#x939;&#x92F;&#x94B;&#x917;&#x940; &#x92A;&#x941;&#x938;&#x94D;&#x924;&#x915;/</subfield>
    <subfield code="c"> &#x936;&#x947;&#x937;&#x915;&#x93E;&#x928;&#x94D;&#x924; &#x915;&#x93E;&#x92B;&#x94D;&#x932;&#x947;.</subfield>
  </datafield>
  <datafield tag="260" ind1=" " ind2=" ">
    <subfield code="a">Kathmandu:</subfield>
    <subfield code="b">Kafle, Narayeni,</subfield>
    <subfield code="c">2012.</subfield>
  </datafield>
  <datafield tag="300" ind1=" " ind2=" ">
    <subfield code="a">88p.</subfield>
  </datafield>
  <datafield tag="650" ind1=" " ind2=" ">
    <subfield code="a">Eartquake </subfield>
  </datafield>
  <datafield tag="650" ind1=" " ind2=" ">
    <subfield code="a">Flood</subfield>
  </datafield>
  <datafield tag="650" ind1=" " ind2=" ">
    <subfield code="a">landslide</subfield>
  </datafield>
  <datafield tag="650" ind1=" " ind2=" ">
    <subfield code="a">Volcano Eruption</subfield>
  </datafield>
  <datafield tag="650" ind1=" " ind2=" ">
    <subfield code="a">cyclone</subfield>
  </datafield>
  <datafield tag="650" ind1=" " ind2=" ">
    <subfield code="a">Lighteng &amp; Thunderstrome</subfield>
  </datafield>
  <datafield tag="942" ind1=" " ind2=" ">
    <subfield code="2">ddc</subfield>
    <subfield code="c">ISBN</subfield>
  </datafield>
  <datafield tag="999" ind1=" " ind2=" ">
    <subfield code="c">71766</subfield>
    <subfield code="d">71755</subfield>
  </datafield>
  <datafield tag="952" ind1=" " ind2=" ">
    <subfield code="0">0</subfield>
    <subfield code="1">0</subfield>
    <subfield code="2">ddc</subfield>
    <subfield code="4">0</subfield>
    <subfield code="7">0</subfield>
    <subfield code="a">TUCL</subfield>
    <subfield code="b">TUCL</subfield>
    <subfield code="d">2025-01-20</subfield>
    <subfield code="l">0</subfield>
    <subfield code="o">363.346/k534b</subfield>
    <subfield code="p">IS33719</subfield>
    <subfield code="r">2025-01-20 12:12:26</subfield>
    <subfield code="w">2025-01-20</subfield>
    <subfield code="y">ISBN</subfield>
  </datafield>
</record>
